LEADER 00912nam0-22003131i-450- 001 990000515860403321 005 20070904121659.0 010 $a0-262-19316-7 035 $a000051586 035 $aFED01000051586 035 $a(Aleph)000051586FED01 035 $a000051586 100 $a20020821d1992----km-y0itay50------ba 101 0 $aeng 105 $aa-------001yy 200 1 $aTelerobotics, automation and human supervisory control$fThomas B. Sheridan 210 $aCambridge, Mass.$cMIT Press$dc1992 215 $a393 p.$cill.$d22 cm 610 0 $aControllo a distanza 610 0 $aRobotica 676 $a620.46 700 1$aSheridan,$bThomas B.$0492149 801 0$aIT$bUNINA$gRICA$2UNIMARC 901 $aBK 912 $a990000515860403321 952 $a10 D III 650$bdis 3126$fDINEL 959 $aDINEL 996 $aTelerobotics, automation and human supervisory control$9331128 997 $aUNINA LEADER 01328nam0 2200361 i 450 001 TO01242791 005 20251003044410.0 010 $a8831772899 020 $aIT$b2004-3685 100 $a20130827d2003 ||||0itac50 ba 101 | $aita 102 $ait 181 1$6z01$ai $bxxxe 182 1$6z01$an 200 1 $aImpresa e industria in Italia$edall'unità a oggi$fFranco Amatori, Andrea Colli 205 $a4. ed 210 $aVenezia$cMarsilio$d2003 215 $a414 p.$d22 cm. 225 | $aBiblioteca 410 0$1001CFI0022513$12001 $aBiblioteca 606 $aItalia$xIndustria$xSec. 19.-20.$2FIR$3CFIC134947$9I 676 $a338.0945$9Economia. Produzione. Italia$v14 676 $a338.70945$9IMPRESE E LORO STRUTTURA. ITALIA$v20 700 1$aAmatori$b, Franco$3CFIV001808$4070$0128177 701 1$aColli$b, Andrea$f <1966- >$3MILV177110$4070$0124680 801 3$aIT$bIT-000000$c20130827 850 $aIT-BN0095 901 $bNAP 01$cL. TESTO $nTesti consigliati per gli esami 912 $aTO01242791 950 0$aBiblioteca Centralizzata di Ateneo$c1 v.$d 01L. TESTO B 0038$e 0101 0000060505 VMA 1 v.$fB $h20090506$i20090506 977 $a 01 996 $aImpresa e industria in Italia$944689 997 $aUNISANNIO